|
|
|
|
| LEADER |
01309nam a2200313 u 4500 |
| 001 |
10020781 |
| 003 |
upatras |
| 005 |
20210117205457.0 |
| 008 |
990309s19981996uk eng |
| 020 |
|
|
|a 1856043088
|
| 040 |
|
|
|a GR-PaULI
|c GR-PaULI
|
| 041 |
0 |
|
|a eng
|
| 082 |
0 |
4 |
|a 004.678
|
| 100 |
1 |
|
|a Winship, Ian
|9 141593
|
| 245 |
1 |
0 |
|a The student's guide to the internet 1998/99
|c Ian Winship, Alison McNab
|
| 250 |
|
|
|a 2nd edition
|
| 260 |
|
|
|a London
|b Library Association Publishing
|c 1998
|
| 300 |
|
|
|a x, 155 p.
|c 22 cm.
|
| 504 |
|
|
|a Includes index
|
| 650 |
|
4 |
|a Διαδίκτυο (Internet)
|9 1602
|
| 650 |
|
4 |
|a Διαδίκτυο (Internet)
|9 1602
|
| 700 |
1 |
|
|a McNab, Alison
|9 141594
|
| 852 |
|
|
|a GR-PaULI
|b ΠΑΤΡΑ
|b ΒΚΠ
|b ΒΣ1
|k ΑΣΧΞ
|h 004.678 W
|m 041374
|p 025000004635
|t 1
|
| 852 |
|
|
|a GR-PaULI
|b ΠΑΤΡΑ
|b ΒΚΠ
|b ΒΣ1
|k ΑΣΧΞ
|h 004.678 W
|m 041912
|p 025000005849
|t 2
|
| 942 |
|
|
|2 ddc
|c BK15
|
| 952 |
|
|
|0 0
|1 0
|4 0
|6 004_678000000000000_W
|7 0
|9 181054
|a LISP
|b LISP
|c BSC
|d 2016-04-24
|i 041374
|l 0
|o 004.678 W
|p 025000004635
|r 2016-04-24 00:00:00
|t 1
|w 2016-04-24
|y BK15
|
| 952 |
|
|
|0 0
|1 0
|4 0
|6 004_678000000000000_W
|7 0
|9 181055
|a LISP
|b LISP
|c BSC
|d 2016-04-24
|i 041912
|l 0
|o 004.678 W
|p 025000005849
|r 2016-04-24 00:00:00
|t 2
|w 2016-04-24
|y BK15
|
| 998 |
|
|
|c ΔΙΟΝΥΣΟΠΟΥΛΟΥ
|d 1999/03
|
| 999 |
|
|
|c 111923
|d 111923
|